Beyond the Golden Fleece (Record no. 1620)

000 -LEADER
fixed length control field 00699nam a22002057a 4500
005 - DATE AND TIME OF LATEST TRANSACTION
control field 20210427080558.0
008 - FIXED-LENGTH DATA ELEMENTS--GENERAL INFORMATION
fixed length control field 210222s2004 ||||| |||| 00| 0 eng d
020 ## - INTERNATIONAL STANDARD BOOK NUMBER
International Standard Book Number 3952294306
020 ## - INTERNATIONAL STANDARD BOOK NUMBER
International Standard Book Number 0967845122
040 ## - CATALOGING SOURCE
Original cataloging agency eng
Transcribing agency DLC
041 ## - LANGUAGE CODE
Language code of text/sound track or separate title eng
080 ## - UNIVERSAL DECIMAL CLASSIFICATION NUMBER
Universal Decimal Classification number 008
Item number B-55
110 ## - MAIN ENTRY--CORPORATE NAME
9 (RLIN) 1044
Corporate name or jurisdiction name as entry element Foundation for International Arts and Education Bethesda, Maryland
245 ## - TITLE STATEMENT
Title Beyond the Golden Fleece
Remainder of title : A Cultural History of The Jews of Georgia
Statement of responsibility, etc. / by: Foundation for International Arts and Education
260 ## - PUBLICATION, DISTRIBUTION, ETC.
Place of publication, distribution, etc. Bethesda, Maryland
Name of publisher, distributor, etc. Foundation for International Arts and Education
Date of publication, distribution, etc. 2004
300 ## - PHYSICAL DESCRIPTION
Extent 60 p.
Other physical details ill.
650 #0 - SUBJECT ADDED ENTRY--TOPICAL TERM
9 (RLIN) 493
Topical term or geographic name entry element Culture
653 ## - INDEX TERM--UNCONTROLLED
Uncontrolled term კულტურა
942 ## - ADDED ENTRY ELEMENTS (KOHA)
Source of classification or shelving scheme
Koha item type Books
Holdings
Withdrawn status Lost status Source of classification or shelving scheme Damaged status Not for loan Permanent location Current location Date acquired Inventory number Total Checkouts Full call number Barcode Date last seen Price effective from Koha item type
          Ken Walker International University Ken Walker International University 02/22/2021 1502   008 B-55 1502 02/22/2021 02/22/2021 Books

Powered by Koha